Statistics for TV Dads #1

Click here to take the quiz!

General Stats

  • This quiz has been taken 21 times
  • The average score is 6 of 15

Answer Stats

HintAnswer% Correct
The Cosby Show (1984-1992)Bill Cosby
94%
Full House (1987-1995)Bob Saget
61%
Bonanza (1959-1973)Lorne Greene
56%
Sanford and Son (1972-1977)Redd Foxx
56%
The Addams Family (1964-1966)John Astin
50%
That ‘70s Show (1998-2006)Kurtwood Smith
50%
Black-ish (2014-2022)Anthony Anderson
39%
Good Times (1974-1979)John Amos
39%
Leave It to Beaver (1957-1963)Hugh Beaumont
33%
My Wife and Kids (2001-2005)Damon Wayans
28%
7th Heaven (1996-2007)Stephen Collins
22%
The Patty Duke Show (1963-1966)William Schallert
22%
Big Love (2006-2011)Bill Paxton
17%
All-American Girl (1994-1995)Clyde Kusatsu
17%
Family (1976-1980)James Broderick
11%

Score Distribution

Percentile by Number Answered

Percent of People with Each Score

Your Score History

You have not taken this quiz